000
00315nam a22001457a 4500
008
230321b ||||| |||| 00| 0 eng d
020
_a
9780923993429
041
_a
eng
080
_a
34
082
_a
34KIN
100
_a
31
101
_a
JUREDIK
245
_a
VOICE AND JUDGMENT
_c
KINGSTON.J.R
942
_2
udc
_c
BK
999
_c
59410
_d
59410